| 000 | 00398nam a2200109Ia 4500 | ||
|---|---|---|---|
| 008 | 160909s9999 xx 000 0 und d | ||
| 100 | _aRobichaud, Wendy | ||
| 245 | _aStudent Perceptions of A Comprehensive Orientation Program for Online Courses | ||
| 260 |
_bNova Southeastern University _c2016 |
||
| 650 | _aFINANCIAL MANAGEMENT | ||
| 856 | _uhttp://pqdtopen.proquest.com/doc/1767233125.html?FMT=ABS | ||
| 999 |
_c304569 _d304569 |
||